00929nam a2200253 i 4500001000300000100002800003245012700031246008100158260004500239300003400284490003500318610004400353700001900397700001800416700004300434800004600477015001800523020001800541040000800559041001300567044000800580080004600588008004100634bg1 aWeber, Davidd(1952- ).10aRoyal Manticoran Navy :bJayne's rocznik 1905 P.D. /cDavid Weber, Ken Burnside, Thomas Pope ; przeł. Jarosław Kotarski.1 iTyt. oryg.:aJayne's intelligence review 1905PD :bthe royal manticoran navy aPoznań :bDom Wydawniczy Rebis,c2008. a68 s. :bil. kolor. ;c28 cm.1 aHonor Harrington / David Weber24aRoyal Manticoran Navy (wojsko fikcyjne)1 aBurnside, Ken.1 aPope, Thomas.1 aKotarski, Jarosławc(tłumacz).eTł.1 aWeber, Davidd(1952- ).tHonor Harrington aPB 23303/2010 a9788375101867 cBPK1 apolheng aPOL a821.111(73)(091)-3"1945/..."(02.025.2)A/Z110216s2008 pl a |000 0 pol